| 000 | 00548nam a22001697a 4500 | ||
|---|---|---|---|
| 010 | _a1718CH-EN | ||
| 020 |
_a9788187107538 _c450.00 |
||
| 035 | _aB-667914 | ||
| 037 |
_aDPL _bPragati |
||
| 082 | _aS | ||
| 245 | _a365 bedtime stories / | ||
| 260 |
_aNew Delhi _bOm Kidz _c2016 (repr) |
||
| 270 |
_a107, Ansari Road, Darya Ganj, _bNew Delhi _e110002 |
||
| 300 |
_a240p. _bill. _c27cm(Hb) |
||
| 942 |
_2ddc _cCH _mBED _hS |
||
| 999 |
_c141287 _d141287 |
||